000 00642nam a2200205Ia 4500
003 GCL
008 140319s9999 xx 000 0 ara d
040 _aGCL /
_cGCL
082 0 4 _a950
_bب ش
100 1 _aفريد عبدالرحمن (مراجع)
245 1 0 _aالشرق الاقصى : موجز تاريخى /
_cفريد عبدالرحمن (مراجع)
700 1 _aحسين الحوت (مترجم)
700 1 _aبين، تشستر ارثر
300 _a275 ص
490 _aالالف كتاب
_v0
650 0 4 _aتاريخ
650 0 4 _aالعلاقات الخارجية
650 0 4 _aالشرق الاقصى
942 _2ddc
_cBK
999 _c44398
_d44398